000 00340nam a22001457a 4500
005 20170916123003.0
008 170916b xxu||||| |||| 00| 0 eng d
041 _aeng
082 _a515.43
100 _aAGARWAL, D.C.
_93935
245 _aADVANCED INTEGRAL CALCULAS
260 _aMEERUT
_bKRISHNA PRAKASHAN
300 _a334p.
942 _cBK
999 _c5580
_d5578